Moje obľúbené strašidlá

Bibliographic Details
Main Author: Hitchcock, Alfred, 1899-1980 (Author)
Other Authors: Oravcová, Adriana, 1952- (Translator), Žáryová, Magda, 1927-2009 (Translator)
Format: Book
Language:Slovak
English
Published: Bratislava Slovenský spisovateľ c2005
Edition:[1. vyd.]
Subjects:

MARC

LEADER 00000nam a2200000 a 4500
001 vtls008294791
003 SK-MaSNL
005 20260301204433.0
008 251031s2005 xo g 000 j slo
015 |a SNBA2006/06-03287 
020 |a 8022013390  |q (viaz.) 
035 |a DC7A2F0C-7EE3-4214-A412-3C5013C77E36 
035 |a urn:nbn:sk:snk-aml4v5 
035 |a urn:nbn:sk:snk-am008w9v 
040 |a SNK  |b slo  |c SNK  |e AACR2 
041 1 |a slo  |h eng 
044 |a xo  |c SK 
072 7 |a 821.111-3  |x Anglická próza, anglicky písaná  |2 konspekt 
080 |a 821.111-32  |2 2001 
080 |a (0:82-322.4)  |2 MDT-MRF 
100 1 |a Hitchcock, Alfred,  |d 1899-1980  |4 aut  |9 86143 
240 1 0 |a Stories to be read with the doors locked  |l Slovensky 
245 1 0 |a Moje obľúbené strašidlá  |c Alfred Hitchcock; [z anglického originálu preložili Adriana Oravcová a Magda Žáryová] 
250 |a [1. vyd.] 
260 |a Bratislava  |b Slovenský spisovateľ  |c c2005 
300 |a 205 s.  |c 21 cm 
655 7 |a anglické príbehy  |2 SNKPH  |9 70612 
655 7 |a horory (príbehy)  |2 SNKPH  |9 243187 
655 7 |a umelecká literatúra  |2 SNKPH  |9 60405 
700 1 |a Oravcová, Adriana,  |d 1952-  |4 trl  |9 86529 
700 1 |a Žáryová, Magda,  |d 1927-2009  |4 trl  |9 107891 
919 |a 80-220-1339-0 
958 |a LX 
958 |a UP 
958 |a OND 
968 |b ENG  |d 821 
999 |c 906421  |d 908351 
952 |a SNK  |b SNK  |y PREZ  |7 0  |p 17A0482032  |o snkSC 121056 D1  |i snk2005/14432  |8 0  |0 0  |1 0  |4 0  |d 2005-08-18  |l 0  |r 2026-02-24 07:29:16  |w 2026-02-24 
952 |a SNK  |b SNK  |y PREZ  |7 0  |p 17A0482033  |o snkSC 121056  |i snk2005/14431  |8 0  |0 0  |1 0  |4 0  |d 2005-08-18  |f 1  |l 0  |r 2025-05-30 00:00:00  |w 2026-02-24